| 000 | 02382nam a22003134c 4500 | ||
|---|---|---|---|
| 003 | AR-BaSMT | ||
| 008 | 230327t2021 agd|||frib|| 001 0 spa d | ||
| 020 | _a9789874180797 | ||
| 040 |
_aBSGB _bespañol _cBSGB _erda |
||
| 041 | 0 |
_aspa _hespañol |
|
| 080 | _a574 | ||
| 100 | 1 |
_aBusch, María _9516 |
|
| 245 | 1 | _aEcología y salud | |
| 250 | _aSegunda edición | ||
| 264 |
_aBuenos Aires ; _bDel Aula Taller, _c2021. |
||
| 300 | _a60 páginas, Ilustraciones blanco y negro. | ||
| 336 |
_2rdacontent _atexto _btxt |
||
| 337 |
_2rdamedia _asin mediación _bn |
||
| 338 |
_2rdacarrier _avolumen _bnc |
||
| 490 | _aColección Sociedades y Medioambiente | ||
| 520 | _aÍNDICE CAPÍTULO I LAS ENFERMEDADES COMO RESULTADO DE LA INTERACCIÓN DEL HOMBRE CON SU MEDIO Condiciones de vida, de trabajo y salud La epidemiología social Los efectos demográficos de la conquista CAPÍTULO II DISTINTOS TIPOS DE AGENTES CAUSALES DE ENFERMEDADES: FACTORES FÍSICOS, QUÍMICOS Y BIÓTICOS Agentes físicos Radiaciones Hiroshima y Nagasaki Calor Ruido Agentes químicos Condiciones de trabajo y salud Contaminación por plaguicidas Otros contaminantes químicos Materiales en suspensión en la atmósfera Agentes biológicos CAPÍTULO III ENFERMEDADES ASOCIADAS AL MEDIO AMBIENTE Producidas por agentes químicos o físicos Enfermedades producidas por agentes biológicos Sin intervención de reservorios o vectores Con intervención de reservorios o vectores Las epidemias de cólera en la Argentina Los ataques de la peste negra La necesidad de entornos saludables Enfermedades transmitidas por insectos Enfermedades de transmisión hídrica Enfermedades transmitidas por caracoles CAPÍTULO IV PERSPECTIVAS EN UN PLANETA QUE CAMBIA RECUADROS Condiciones de vida, de trebajo y de salud La epidemiología social Los efectos demográficos de la conquista Hiroshima y Nagasaki Condiciones de trabajo y de salud Las epidemias de cólera en la Argentina Los ataques de la peste negra La necesidad de entornos saludables Enfermedades de transmisión hídrica BIBLIOGRAFÍA | ||
| 521 | _aPúblico general | ||
| 650 | 7 |
_985 _aECOLOGÍA _xSALUD |
|
| 700 | 1 |
_aAmbas, Alejandro _eAutor _9517 |
|
| 700 | 1 |
_aDadón, José R., _b1956- _eAutor _9518 |
|
| 700 | 1 |
_aRodríguez, María Cecilia _eAutor _9519 |
|
| 942 |
_2ddc _aBOOK |
||
| 999 |
_c690 _d690 |
||